00878nam a22002657a 4500003000500000005001700005008004100022010001100063011001100074020001800085035001100103040000900114082002100123110000800144245016100152260006500313300001300378490004700391650003200438650003200470650002400502650002100526700001800547830004700565CHAP20220817044543.0121005s2012 it rn 00010 eng d a104040 a105012 a9789251071878 a115704 cCHAP04a631.5bF34y v.162 aFAO10aSoil organic carbon accumulation and greenhouse gas emission reductions from conservation agriculture :ba literature reviewc/por Sandra Corsi ... [et al.] aRoma :bFAO. Plant Production and Protection Division,c2012 ax, 89 p. 0aFAO. Gestión integrada de cultivosv; 16 4aCarbonoxEfecto en plantas. 4aLabranza de conservación. 4aSuelos agrícolas. 4aSuelosxCarbono.1 aCorsi, Sandra00aFAO. Gestión integrada de cultivosv; 16